00721nam a2200169 a 450000100100000000500170001000800410002704000250006808200150009310000270010824500850013526000320022030000210025259000750027395201860034899900170053400003543620200930074336.0111031s1961 sp 000 0 spa d aDO-SdBNPbspacBNPHU axxxxbxxxx1 aSandbow, Oliver96127010aDios es un espejo :breencuentro con Dios en la era atómica /cOliver Sandbow. aBarcelona, :bMateu,c1961. a346 p. ;c19 cm. aPerteneció a la biblioteca personal de Juan Isidro Jimenes Grullón 001050718RVaGRbGRcHDd2011-10-31iLF1l0oxxxx xxxxp35436-10r2020-06-25w2020-06-25y1zPerteneció a la biblioteca personal de Juan Isidro Jimenes Grullón.ZNo se presta c34927d34927